Derecho Internacional Humanitario /
| מחבר תאגידי: | |
|---|---|
| פורמט: | ספר |
| שפה: | ספרדית |
| יצא לאור: |
Suiza:
2005
Comité Internacional de la Cruz Roja,
|
| נושאים: |
MARC
| LEADER | 00000nam a2200000Ia 4500 | ||
|---|---|---|---|
| 008 | 170516b2005 S ||||| |||| 00| | spa d | ||
| 999 | |c 1224 |d 1224 | ||
| 090 | |a 01.02.04 |b 1344 | ||
| 110 | 2 | |a Comité Internacional de la Cruz Roja |9 2714 | |
| 245 | 1 | 0 | |a Derecho Internacional Humanitario / |c Comité Internacional de la Cruz Roja |
| 260 | |a Suiza: |c Comité Internacional de la Cruz Roja, |b 2005 | ||
| 300 | |a 42 páginas | ||
| 650 | 1 | 4 | |a DERECHOS HUMANOS |9 588 |
| 942 | |i 002115 |h 01.02.04 1344 |2 z |c 01 | ||
